000 01141cam a2200325 i 4500
001 200466992
003 TR-AnTOB
005 20260115105852.0
007 ta
008 260115m19991994tu ah b 000 0 tur d
040 _aITU
_beng
_erda
_cTR-AnTOB
041 0 _atur
050 4 _aHE873.4
_b.T87
090 _aHE873.4
_b.T87
245 0 0 _aTürk deniz ticareti ve Türkiye Denizcilik İşletmeleri tarihçesi /
_cDerleyen Bayram Camcı, Cezmi Zafer, Şükrü Yaman.
264 1 _aİstanbul :
_bTürkiye Denizcilik İşletmeleri,
_c1994-1999.
300 _a2 volumes :
_billustrations, facsmiles ;
_c28 cm
336 _atext
_btxt
_2rdacontent
337 _aunmediated
_bn
_2rdamedia
338 _avolume
_bnc
_2rdacarrier
504 _aBIB
650 7 _aDeniz taşımacılığı
_zTürkiye
_2etuturkob
_990628
650 7 _aTicaret filosu
_zTürkiye
_2etuturkob
_9151838
700 1 _aCamcı, Bayram,
_d1932-
_eeditor
_9151839
700 1 _aZafer, Cezmi,
_d1953-
_eeditor
_9151840
700 1 _aYaman, Şükrü,
_d1946-
_eeditor
_9151841
710 2 _aTürkiye Denizcilik İşletmeleri
_9151842
942 _2lcc
_cBK
999 _c200466992
_d85204